Southville International School and Colleges
Your cart is empty.
  • Cart
  • Lists
    Public lists Eva Luna New books Lux_list list_1
    Your lists Log in to create your own lists
  • Log in to your account
  • Your cookies
  • Search history
Southville International School and Colleges
  • Advanced search
  • Recent comments
  • Most popular
  • Libraries

Log in to your account

Log in with GOOGLE


If you do not have an external account, but do have a local account, you can still log in:

  1. Home
  2. MARC view: Hoo hoo's party /
Normal view MARC view ISBD view

Hoo hoo's party / (Record no. 104418)

[ view plain ]
MARC details
000 -LEADER
fixed length control field 00491nam a2200169 a 4500
005 - DATE AND TIME OF LATEST TRANSACTION
control field 20140412111322.0
008 - FIXED-LENGTH DATA ELEMENTS--GENERAL INFORMATION
fixed length control field 010307s19uu xx 00 eng d
020 ## - INTERNATIONAL STANDARD BOOK NUMBER
International Standard Book Number 0-86163-094-7
050 ## - LIBRARY OF CONGRESS CALL NUMBER
Classification number ER
Item number Ho65 1994
100 ## - MAIN ENTRY--PERSONAL NAME
Personal name Blyton, Enid
245 ## - TITLE STATEMENT
Title Hoo hoo's party /
Statement of responsibility, etc Enid Blyton ; illustrated by Rene Cloke.
260 ## - PUBLICATION, DISTRIBUTION, ETC. (IMPRINT)
Place of publication, distribution, etc London :
Name of publisher, distributor, etc Award Publications,
Date of publication, distribution, etc 1985.
300 ## - PHYSICAL DESCRIPTION
Extent 1 v. (unp.) ; ill.
440 ## - SERIES STATEMENT/ADDED ENTRY--TITLE
Title Enid Blyton Library
650 ## - SUBJECT ADDED ENTRY--TOPICAL TERM
Topical term or geographic name as entry element Owl's stories -- Fiction
Holdings
Withdrawn status Lost status Damaged status Use restrictions Home library Current library Shelving location Date acquired Source of acquisition Total Checkouts Full call number Barcode Date last seen Price effective from Koha item type
        Elizalde Library Elizalde Library Easy Reading Section 03/07/2001     ER Ho65 1994 E7750 04/12/2014 04/12/2014 Books

Hoo hoo's party /

APA

Blyton E., . (1985). Hoo hoo's party. London: Award Publications.

Chicago

Blyton Enid, . 1985. Hoo hoo's party. London: Award Publications.

Harvard

Blyton E., . (1985). Hoo hoo's party. London: Award Publications.

MLA

Blyton Enid, . Hoo hoo's party. London: Award Publications. 1985.

  • Place hold
  • Print
  • Cite
  • Add to your cart (remove)
  • Save record
    BIBTEX Dublin Core MARCXML MARC (non-Unicode/MARC-8) MARC (Unicode/UTF-8) MARC (Unicode/UTF-8, Standard) MODS (XML) RIS
  • More searches
    Search for this title in:
    Other Libraries (WorldCat) Other Databases (Google Scholar) Online Stores (Bookfinder.com) Open Library (openlibrary.org)

Exporting to Dublin Core...

SOUTHVILLE LIBRARY

Southville International School and Colleges Library

1281 Tropical Ave. Cor. Luxembourg St., BF Homes International, Las Pinas City

Tel. No. 8256374 / 252358 Loc. 117/146

Powered by Koha